Brahamaninada (Record no. 1398643)

MARC details
000 -LEADER
fixed length control field 00659nam a2200301Ia 4500
008 - FIXED-LENGTH DATA ELEMENTS--GENERAL INFORMATION
fixed length control field 160716s9999||||xx |||||||||||||| ||und||
040 ## - CATALOGING SOURCE
Transcribing agency Marathi
082 ## - DEWEY DECIMAL CLASSIFICATION NUMBER
Classification number XI.C Arvikar
082 ## - DEWEY DECIMAL CLASSIFICATION NUMBER
Item number BORI-81330
100 ## - MAIN ENTRY--PERSONAL NAME
Personal name Arvikar
245 ## - TITLE STATEMENT
Title Brahamaninada
250 ## - EDITION STATEMENT
Remainder of edition statement Second
260 ## - PUBLICATION, DISTRIBUTION, ETC. (IMPRINT)
Place of publication, distribution, etc Solapur
260 ## - PUBLICATION, DISTRIBUTION, ETC. (IMPRINT)
Name of publisher, distributor, etc Sangati Prakasahn Samiti
300 ## - PHYSICAL DESCRIPTION
Extent 56
300 ## - PHYSICAL DESCRIPTION
Other physical details First
300 ## - PHYSICAL DESCRIPTION
Dimensions B
300 ## - PHYSICAL DESCRIPTION
Accompanying material Paperback
530 ## - ADDITIONAL PHYSICAL FORM AVAILABLE NOTE
Uniform Resource Identifier <a href="00081330.pdf">00081330.pdf</a>
563 ## - BINDING INFORMATION
Binding note Study
600 ## - SUBJECT ADDED ENTRY--PERSONAL NAME
Personal name Arvikar
630 ## - SUBJECT ADDED ENTRY--UNIFORM TITLE
Uniform title Brahamaninada
650 ## - SUBJECT ADDED ENTRY--TOPICAL TERM
Topical term or geographic name as entry element General Indology
650 ## - SUBJECT ADDED ENTRY--TOPICAL TERM
Topical term or geographic name as entry element Philosophy
700 ## - ADDED ENTRY--PERSONAL NAME
Personal name Arvikar
730 ## - ADDED ENTRY--UNIFORM TITLE
Uniform title Brahamaninada
942 ## - ADDED ENTRY ELEMENTS (KOHA)
Koha item type Book

No items available.